000 00490nam a2200169Ia 4500
001 IA_4144,14/09/2007,14/09/2007,0000001993 mx 0000000000spa00,"
002 México : UACh
008 220117s xx 000 0 und d
010 _a183541
090 _aFOLLETO 2486
100 _aGómez Cruz
_9154980
300 _a32 p.
500 _aS/c (Reporte de investigaciones
650 _aTratado de libre comercio
_9155700
942 _c14)
999 _c183541
_d183541